[Event "17PCR_ZK09"]
[Site "?"]
[Date "2007.??.??"]
[Round "?"]
[White "Bednarik, Radovan"]
[Black "Binas, Jindrich"]
[Result "0-1"]
[WhiteElo "2126"]
[BlackElo "2021"]
[PlyCount "84"]
[EventDate "2007.??.??"]
[EventType "corr"]
[EventRounds "2"]
[SourceDate "2007.06.28"]

1. d4 d5 2. c4 c6 3. cxd5 cxd5 4. Nc3 Nf6 5. Nf3 Nc6 6. Bf4 Bf5 7. e3 e6 8. Be2
Be7 9. Nh4 Bg6 10. O-O Rc8 11. Rc1 O-O 12. Nxg6 hxg6 13. Re1 Bd6 14. Bxd6 Qxd6
15. Qb3 Qe7 16. a3 Rc7 17. Bd3 Rfc8 18. Nb5 Rd7 19. Qd1 a6 20. Nc3 Rdc7 21. Qf3
Na5 22. Qg3 Nc4 23. Bxc4 Rxc4 24. f3 Ne8 25. Rcd1 Qd8 26. Rd3 Qb6 27. Qf2 Nc7
28. e4 Rd8 29. Qh4 Nb5 30. Nxb5 axb5 31. Kh1 b4 32. axb4 Rxb4 33. f4 dxe4 34.
Rh3 f5 35. Qh7+ Kf7 36. Rg3 e5 37. dxe5 Rbd4 38. Qh4 Rd1 39. Rc3 R8d2 40. Rc1
Rxc1 41. Rxc1 e3 42. h3 e2 0-1

[Event "17PCR_ZK09"]
[Site "?"]
[Date "2007.??.??"]
[Round "?"]
[White "Bednarik, Radovan"]
[Black "Jezek, Otakar"]
[Result "1-0"]
[WhiteElo "2126"]
[BlackElo "1867"]
[PlyCount "133"]
[EventDate "2007.??.??"]
[EventType "corr"]
[EventRounds "2"]
[SourceDate "2007.06.28"]

1. d4 d5 2. c4 e6 3. Nf3 Nf6 4. Nc3 Be7 5. Bg5 dxc4 6. e3 Nbd7 7. Bxc4 Nd5 8.
Bxe7 Qxe7 9. Bxd5 exd5 10. Nxd5 Qd6 11. Nf4 O-O 12. O-O Nf6 13. Qc2 c6 14. Rfe1
Re8 15. Rac1 Be6 16. a3 Bd5 17. Nxd5 Qxd5 18. Qc4 Qxc4 19. Rxc4 Kf8 20. Ne5 a6
21. Nd3 Re7 22. f3 Rd8 23. Kf2 Nd5 24. h4 Nb6 25. Rcc1 Nd5 26. g4 h6 27. Ne5
Ke8 28. b4 Re6 29. f4 Red6 30. Nc4 R6d7 31. Kf3 Re7 32. g5 f6 33. gxh6 gxh6 34.
f5 Kf7 35. Re2 Red7 36. Na5 Rg8 37. Nb3 Ke8 38. e4 Nc7 39. a4 Kf8 40. Rg2 Rxg2
41. Kxg2 h5 42. Kf3 Ke8 43. Rg1 Kf7 44. Rg6 Ne8 45. Rh6 Ng7 46. Rh8 Rc7 47. Rb8
Ne8 48. Nc5 Nd6 49. Rh8 Re7 50. Rxh5 Kg8 51. Rh6 Rf7 52. Kf4 Kg7 53. Rg6+ Kh7
54. h5 Nc8 55. Kg4 Nb6 56. e5 Nd5 57. Ne4 Rd7 58. Nxf6+ Nxf6+ 59. Rxf6 Rxd4+
60. Kg5 Rxb4 61. Rf7+ Kg8 62. e6 b5 63. f6 Re4 64. Rg7+ Kf8 65. e7+ Ke8 66.
Rg8+ Kd7 67. Rd8+ 1-0

[Event "17PCR_ZK09"]
[Site "?"]
[Date "2007.??.??"]
[Round "?"]
[White "Bednarik, Radovan"]
[Black "Kelbl, Jiri"]
[Result "1-0"]
[WhiteElo "2126"]
[BlackElo "1656"]
[PlyCount "83"]
[EventDate "2007.??.??"]
[EventType "corr"]
[EventRounds "2"]
[SourceDate "2007.06.28"]

1. d4 d5 2. c4 dxc4 3. e3 e5 4. Bxc4 exd4 5. Nf3 Bb4+ 6. Bd2 Bxd2+ 7. Qxd2 Nc6
8. exd4 Qe7+ 9. Qe3 Nf6 10. Nc3 O-O 11. Qxe7 Nxe7 12. O-O Bf5 13. Nb5 Ned5 14.
Rac1 a6 15. Bxd5 axb5 16. Bxb7 Rxa2 17. b4 Rb2 18. Ne5 Be6 19. Rfd1 Rxb4 20. d5
Bf5 21. Nc6 Re4 22. f3 Re3 23. Nd4 Bd7 24. Rxc7 b4 25. Rc4 b3 26. Kf2 Rfe8 27.
Rd2 h6 28. Rb4 R3e5 29. d6 Kf8 30. Rxb3 Rc5 31. Ra3 Rb8 32. Be4 Re8 33. Ra7 g5
34. Bb7 Rc1 35. Ne2 Rc5 36. Ng3 Rc1 37. Ne4 Nxe4+ 38. fxe4 Be6 39. Ra6 Rb8 40.
Ra7 Bd7 41. Bd5 Rcc8 42. Rxd7 1-0

[Event "17PCR_ZK09"]
[Site "?"]
[Date "2007.??.??"]
[Round "?"]
[White "Bednarik, Radovan"]
[Black "Koukal, Vladimir"]
[Result "0-1"]
[WhiteElo "2126"]
[BlackElo "2230"]
[PlyCount "106"]
[EventDate "2007.??.??"]
[EventType "corr"]
[EventRounds "2"]
[SourceDate "2007.06.28"]

1. d4 Nf6 2. Nf3 d5 3. g3 e6 4. Bg2 c5 5. O-O cxd4 6. Nxd4 Be7 7. c4 dxc4 8.
Qa4+ Bd7 9. Qxc4 Qb6 10. a4 Nc6 11. Nxc6 Bxc6 12. Be3 Qc7 13. Rc1 O-O 14. Bxc6
bxc6 15. Qxc6 Qe5 16. Nc3 Ng4 17. Qb7 Nxe3 18. Qxe7 Nf5 19. Qg5 Rab8 20. Rab1
Rb4 21. Rd1 h6 22. Qh5 Qb8 23. Rd2 Rb3 24. Qf3 Rc8 25. Rd3 Rxb2 26. Rbd1 Qe5
27. g4 Ne7 28. Rd8+ Rxd8 29. Rxd8+ Kh7 30. Re8 Qg5 31. e3 Nf5 32. Qf4 Qxf4 33.
exf4 Nh4 34. h3 Ng6 35. f5 Nf4 36. Kh2 exf5 37. gxf5 Rxf2+ 38. Kg3 Rf1 39. Re7
Nh5+ 40. Kg2 Rxf5 41. Rxa7 g5 42. Ne2 Nf4+ 43. Nxf4 Rxf4 44. Rd7 Kg7 45. a5 Ra4
46. Rd5 f6 47. Rc5 Ra2+ 48. Kf3 Kg6 49. Kg3 h5 50. h4 Ra3+ 51. Kg2 Ra4 52. hxg5
fxg5 53. Rd5 h4 0-1

[Event "17PCR_ZK09"]
[Site "?"]
[Date "2007.??.??"]
[Round "?"]
[White "Bednarik, Radovan"]
[Black "Kyhos, Alois"]
[Result "0-1"]
[WhiteElo "2126"]
[BlackElo "1951"]
[PlyCount "88"]
[EventDate "2007.??.??"]
[EventType "corr"]
[EventRounds "2"]
[SourceDate "2007.06.28"]

1. d4 Nf6 2. c4 e6 3. Nf3 b6 4. Nc3 Bb7 5. Bg5 Be7 6. e3 O-O 7. Bd3 c5 8. O-O
d5 9. cxd5 Nxd5 10. Bxe7 Qxe7 11. Nxd5 exd5 12. Qc2 g6 13. Be2 Nd7 14. Rac1
Rfc8 15. Qa4 c4 16. Qc2 b5 17. Rfe1 a5 18. Qd2 Nf6 19. Qc2 Re8 20. b3 Bc8 21.
Ne5 Bf5 22. Qd1 Qa3 23. g4 Be6 24. Qc2 Rac8 25. Qb1 a4 26. bxc4 bxc4 27. Bf3
Rb8 28. Qa1 Rb2 29. Re2 Rxe2 30. Bxe2 Ne4 31. Bf3 Nd2 32. Rc3 Nxf3+ 33. Nxf3
Qe7 34. h3 h5 35. Nh2 Rb8 36. Rc2 Qh4 37. Rb2 Rxb2 38. Qxb2 Qxh3 39. Qb8+ Kh7
40. a3 Bxg4 41. Qe8 Be6 42. Qxa4 Qf5 43. Qd1 Qg5+ 44. Kf1 Bh3+ 0-1

[Event "17PCR_ZK09"]
[Site "?"]
[Date "2007.??.??"]
[Round "?"]
[White "Bednarik, Radovan"]
[Black "Trs, Jan"]
[Result "1/2-1/2"]
[WhiteElo "2126"]
[BlackElo "2255"]
[PlyCount "82"]
[EventDate "2007.??.??"]
[EventType "corr"]
[EventRounds "2"]
[SourceDate "2007.06.28"]

1. d4 Nf6 2. Nf3 e6 3. Bg5 h6 4. Bh4 b6 5. Nbd2 Bb7 6. e3 Be7 7. Be2 O-O 8. O-O
d6 9. Bd3 Nbd7 10. Qe2 c5 11. c3 Nh5 12. Bxe7 Qxe7 13. Ba6 Bxa6 14. Qxa6 e5 15.
Qb7 Rfb8 16. Qc6 Rc8 17. Qb7 Rcb8 18. Qc6 cxd4 19. cxd4 Rc8 20. Qb7 Rcb8 21.
Qc6 Rc8 22. Qa4 Nhf6 23. Rfc1 e4 24. Ne1 Qd8 25. Nf1 d5 26. Ng3 Rc7 27. Ne2
Rac8 28. Rxc7 Rxc7 29. Nc3 Nb8 30. Nc2 a6 31. Qb3 Rc4 32. Nb4 b5 33. a3 Qd6 34.
h3 Kh7 35. Rd1 Nbd7 36. Rc1 Nf8 37. Qd1 Ne6 38. Qf1 Nd8 39. Rc2 Nc6 40. Nba2
Ne7 41. Nc1 Nd7 1/2-1/2

[Event "17PCR_ZK09"]
[Site "?"]
[Date "2007.??.??"]
[Round "?"]
[White "Binas, Jindrich"]
[Black "Bednarik, Radovan"]
[Result "1-0"]
[WhiteElo "2021"]
[BlackElo "2126"]
[PlyCount "97"]
[EventDate "2007.??.??"]
[EventType "corr"]
[EventRounds "2"]
[SourceDate "2007.06.28"]

1. e4 c5 2. Nf3 e6 3. d4 cxd4 4. Nxd4 a6 5. Bd3 Bc5 6. Nb3 Be7 7. Qg4 Nf6 8.
Qxg7 Rg8 9. Qh6 d6 10. O-O Nc6 11. Nc3 Qc7 12. a4 Bd7 13. Bd2 Ne5 14. Qh3 Nxd3
15. Qxd3 Rg6 16. a5 O-O-O 17. Be3 Rdg8 18. g3 Kb8 19. Nd2 Ng4 20. Bb6 Qc6 21.
Nf3 Rh6 22. Ra4 Qc8 23. Rc4 Bc6 24. Rd1 Qe8 25. Nd4 Bd7 26. Bc7+ Ka8 27. Nf3
Rf6 28. b3 Qf8 29. Bb6 Rxf3 30. Qxf3 Ne5 31. Qe2 Nxc4 32. Qxc4 h5 33. Qc7 Bc6
34. Nd5 Bxd5 35. exd5 h4 36. c4 exd5 37. c5 dxc5 38. Rxd5 Bg5 39. Rd7 Qb8 40.
Qxc5 hxg3 41. hxg3 Bf4 42. Qd5 Bxg3 43. fxg3 Qxg3+ 44. Kf1 Qf4+ 45. Ke2 Re8+
46. Kd3 Qf1+ 47. Kc3 Qe1+ 48. Qd2 Rc8+ 49. Kb4 1-0

[Event "17PCR_ZK09"]
[Site "?"]
[Date "2007.??.??"]
[Round "?"]
[White "Binas, Jindrich"]
[Black "Jezek, Otakar"]
[Result "1-0"]
[WhiteElo "2021"]
[BlackElo "1867"]
[PlyCount "61"]
[EventDate "2007.??.??"]
[EventType "corr"]
[EventRounds "2"]
[SourceDate "2007.06.28"]

1. e4 e5 2. Nf3 Nf6 3. Nxe5 Qe7 4. Nf3 Qxe4+ 5. Be2 Be7 6. O-O O-O 7. Nc3 Qc6
8. Re1 d5 9. d4 Qb6 10. Bd3 Re8 11. Bg5 Nbd7 12. Qd2 c6 13. Re3 h6 14. Qe2 Qd8
15. Re1 hxg5 16. Nxg5 Bf8 17. Rxe8 Qxe8 18. Qxe8 Nxe8 19. Rxe8 Nf6 20. Bh7+
Nxh7 21. Nxh7 Kxh7 22. Rxf8 f6 23. Nd1 b6 24. Ne3 Bb7 25. Rf7 Rb8 26. Rd7 c5
27. Nf5 Bc8 28. Rd8 Kg6 29. Nd6 Kh7 30. Rxc8 Rb7 31. Nxb7 1-0

[Event "17PCR_ZK09"]
[Site "?"]
[Date "2007.??.??"]
[Round "?"]
[White "Binas, Jindrich"]
[Black "Kelbl, Jiri"]
[Result "1/2-1/2"]
[WhiteElo "2021"]
[BlackElo "1656"]
[PlyCount "67"]
[EventDate "2007.??.??"]
[EventType "corr"]
[EventRounds "2"]
[SourceDate "2007.06.28"]

1. e4 e5 2. f4 exf4 3. Bc4 Nf6 4. Nc3 c6 5. d4 d5 6. exd5 cxd5 7. Bb5+ Bd7 8.
Bxd7+ Nbxd7 9. Bxf4 Bb4 10. Nge2 O-O 11. O-O Qb6 12. Qd3 Rac8 13. Nd1 Rfe8 14.
c3 Bf8 15. Ng3 Re6 16. Qf3 Rce8 17. Ne3 Qxb2 18. Nxd5 Nxd5 19. Qxd5 Nf6 20. Qb3
Rb6 21. Qxb2 Rxb2 22. Rfb1 Ba3 23. c4 Re6 24. Rxb2 Bxb2 25. Rd1 Ra6 26. d5 h6
27. d6 Nd7 28. Be3 Ra3 29. Bd4 Bxd4+ 30. Rxd4 Rxa2 31. Re4 Ra6 32. Re8+ Kh7 33.
Ne4 Rc6 34. Re7 1/2-1/2

[Event "17PCR_ZK09"]
[Site "?"]
[Date "2007.??.??"]
[Round "?"]
[White "Binas, Jindrich"]
[Black "Koukal, Vladimir"]
[Result "1/2-1/2"]
[WhiteElo "2021"]
[BlackElo "2230"]
[PlyCount "56"]
[EventDate "2007.??.??"]
[EventType "corr"]
[EventRounds "2"]
[SourceDate "2007.06.28"]

1. e4 e5 2. Nf3 Nc6 3. Bb5 a6 4. Ba4 Nf6 5. O-O Be7 6. Re1 b5 7. Bb3 d6 8. c3
O-O 9. h3 Na5 10. Bc2 c5 11. d4 Qc7 12. Nbd2 cxd4 13. cxd4 Bb7 14. d5 Rac8 15.
Bb1 Nd7 16. Nf1 f5 17. exf5 Nc4 18. Nd4 Bxd5 19. Ne6 Bxe6 20. fxe6 Nf6 21. b3
Nb6 22. Bb2 g6 23. Ne3 d5 24. Nf5 gxf5 25. Bxe5 Bd6 26. Bd4 Rcd8 27. e7 Bxe7
28. Bxb6 Qxb6 1/2-1/2

[Event "17PCR_ZK09"]
[Site "?"]
[Date "2007.??.??"]
[Round "?"]
[White "Binas, Jindrich"]
[Black "Kyhos, Alois"]
[Result "1/2-1/2"]
[WhiteElo "2022"]
[BlackElo "1951"]
[PlyCount "73"]
[EventDate "2007.??.??"]
[EventType "corr"]
[EventRounds "2"]
[SourceDate "2007.06.28"]

1. e4 e5 2. Nf3 Nc6 3. Bb5 a6 4. Ba4 Nf6 5. O-O Nxe4 6. d4 b5 7. Bb3 d5 8. dxe5
Be6 9. c3 Be7 10. Nbd2 O-O 11. Qe2 Nc5 12. Nd4 Nxb3 13. Nxc6 Nxc1 14. Raxc1 Qd7
15. Nxe7+ Qxe7 16. f4 g6 17. Qf2 c5 18. Nf3 Bf5 19. Rcd1 Rfd8 20. Rd2 h6 21.
Rfd1 Be4 22. Ne1 Rac8 23. Nc2 f6 24. Qh4 Kf7 25. exf6 Qxf6 26. Qxh6 Rh8 27. Qg5
Qxg5 28. fxg5 Rh5 29. Ne3 Rxg5 30. Nxd5 Rd8 31. Ne3 Rxd2 32. Rxd2 Ke6 33. Rd8
Ke7 34. Rh8 Re5 35. Rh7+ Kf8 36. Kf2 Re6 37. Rc7 1/2-1/2

[Event "17PCR_ZK09"]
[Site "?"]
[Date "2007.??.??"]
[Round "?"]
[White "Binas, Jindrich"]
[Black "Trs, Jan"]
[Result "1-0"]
[WhiteElo "2021"]
[BlackElo "2255"]
[PlyCount "123"]
[EventDate "2007.??.??"]
[EventType "corr"]
[EventRounds "2"]
[SourceDate "2007.06.28"]

1. e4 e5 2. f4 exf4 3. Bc4 Nf6 4. Nc3 c6 5. d4 d5 6. exd5 cxd5 7. Bb5+ Nc6 8.
Bxf4 Bb4 9. Nge2 Qb6 10. O-O Bg4 11. h3 Bxc3 12. Bxc6+ Qxc6 13. hxg4 Bxb2 14.
Rb1 Ba3 15. Ng3 O-O 16. Qf3 Be7 17. Nf5 Rae8 18. Be5 Bd8 19. Qf4 Ne4 20. Bxg7
Nc3 21. Rbe1 Ne2+ 22. Rxe2 Rxe2 23. Bxf8 Kxf8 24. Nh6 f6 25. g5 Qb6 26. c3 Qe6
27. Qb8 Ke8 28. Qxb7 Re1 29. Qxh7 fxg5 30. Nf5 Rxf1+ 31. Kxf1 Qf7 32. Qxf7+
Kxf7 33. Ke2 Ke6 34. g4 Bc7 35. Kd3 Kd7 36. Ne3 Kc6 37. c4 dxc4+ 38. Kxc4 Bf4
39. d5+ Kd6 40. Nf5+ Kd7 41. a4 Bd2 42. Nd4 Bc1 43. Kd3 Ba3 44. Ke4 Be7 45. Kf5
Bf8 46. Kxg5 Kd6 47. Nf5+ Kxd5 48. Kf6 Bb4 49. g5 Bc3+ 50. Kf7 Bd2 51. g6 Bc3
52. Ng7 a5 53. Nh5 Bh8 54. Ng7 Ke5 55. Kg8 Kf6 56. Kxh8 Kxg6 57. Ne6 Kf5 58.
Nd4+ Ke5 59. Nc6+ Kd5 60. Nxa5 Kc5 61. Nb3+ Kb4 62. a5 1-0

[Event "17PCR_ZK09"]
[Site "?"]
[Date "2007.??.??"]
[Round "?"]
[White "Jezek, Otakar"]
[Black "Bednarik, Radovan"]
[Result "0-1"]
[WhiteElo "1867"]
[BlackElo "2126"]
[PlyCount "54"]
[EventDate "2007.??.??"]
[EventType "corr"]
[EventRounds "2"]
[SourceDate "2007.06.28"]

1. g3 d5 2. Nf3 Nf6 3. d4 e6 4. Bg2 c5 5. O-O cxd4 6. Nxd4 Be7 7. c4 dxc4 8.
Qa4+ Bd7 9. Qxc4 Qb6 10. Nc3 O-O 11. Be3 Rc8 12. Nf5 Rxc4 13. Bxb6 axb6 14.
Nxe7+ Kf8 15. Ned5 exd5 16. Nxd5 Nxd5 17. Bxd5 Rc2 18. e4 Bc6 19. Rfb1 Nd7 20.
a3 Nc5 21. f3 Bxd5 22. exd5 Nb3 23. Ra2 Re8 24. a4 Ree2 25. Rd1 Nd4 26. Ra3
Rg2+ 27. Kh1 Rxh2+ 0-1

[Event "17PCR_ZK09"]
[Site "?"]
[Date "2007.??.??"]
[Round "?"]
[White "Jezek, Otakar"]
[Black "Binas, Jindrich"]
[Result "0-1"]
[WhiteElo "1867"]
[BlackElo "2021"]
[PlyCount "130"]
[EventDate "2007.??.??"]
[EventType "corr"]
[EventRounds "2"]
[SourceDate "2007.06.28"]

1. Nf3 Nf6 2. d4 d5 3. e3 c5 4. Bb5+ Nc6 5. Nc3 e6 6. O-O Bd7 7. dxc5 Bxc5 8.
e4 dxe4 9. Ng5 Qb6 10. Qe2 a6 11. Ba4 Nd4 12. Bxd7+ Nxd7 13. Qd1 Rd8 14. Ngxe4
O-O 15. Re1 Nf5 16. Qh5 Bd4 17. Rb1 Ne5 18. Rd1 Qc6 19. Bf4 Ng6 20. Bg3 Rd7 21.
Rd3 Rfd8 22. Rbd1 Qb6 23. b3 Qc6 24. Kf1 Bxc3 25. Rxd7 Rxd7 26. Nxc3 Rxd1+ 27.
Nxd1 Qxc2 28. Qe2 Qxe2+ 29. Kxe2 Nxg3+ 30. hxg3 Kf8 31. Nc3 Ke7 32. Ne4 b6 33.
a3 f5 34. Nd2 b5 35. b4 Kd6 36. Nb3 Ne5 37. Nc5 Nd7 38. Nb7+ Kd5 39. f3 e5 40.
Na5 Nb6 41. f4 Nc4 42. Nxc4 Kxc4 43. fxe5 Kd5 44. Kf3 Kxe5 45. Ke3 g5 46. Kd3
Kd5 47. Kc3 Ke4 48. Kd2 f4 49. gxf4 Kxf4 50. Ke2 Kg3 51. Ke3 Kxg2 52. Kd4 g4
53. Kc5 h5 54. Kb6 h4 55. Kxa6 h3 56. Kxb5 h2 57. a4 g3 58. a5 h1=Q 59. a6 Kh3
60. a7 Qa8 61. Kc5 Qxa7+ 62. Kb5 g2 63. Kc6 g1=Q 64. Kb5 Qgd4 65. Kc6 Qad7# 0-1

[Event "17PCR_ZK09"]
[Site "?"]
[Date "2007.??.??"]
[Round "?"]
[White "Jezek, Otakar"]
[Black "Kelbl, Jiri"]
[Result "1/2-1/2"]
[WhiteElo "1867"]
[BlackElo "1656"]
[PlyCount "139"]
[EventDate "2007.??.??"]
[EventType "corr"]
[EventRounds "2"]
[SourceDate "2007.06.28"]

1. d4 d5 2. e3 Nf6 3. Nf3 e6 4. Bd3 c5 5. O-O Nc6 6. b3 Bd6 7. dxc5 Bxc5 8. Bb2
O-O 9. Nbd2 Bd6 10. c4 Bd7 11. a3 Qe7 12. Re1 Rac8 13. b4 dxc4 14. Nxc4 Bc7 15.
b5 Na5 16. Nce5 Nd5 17. Nxd7 Qxd7 18. Rc1 Nb6 19. Qe2 Rfd8 20. Red1 Qe7 21. g3
Bd6 22. Rc3 g6 23. Nd2 Na4 24. Rxc8 Rxc8 25. Bd4 Bxa3 26. Ra1 Nc3 27. Qf3 Bb4
28. Ne4 Nxe4 29. Qxe4 Nb3 30. Rxa7 Nd2 31. Qf4 Bd6 32. Qf6 Qxf6 33. Bxf6 Nf3+
34. Kf1 Nxh2+ 35. Ke2 Ng4 36. Bd4 Rb8 37. f3 e5 38. fxg4 exd4 39. exd4 Bxg3 40.
Be4 Rd8 41. Kf3 Rxd4 42. Rxb7 Be5 43. g5 f5 44. gxf6 Bxf6 45. b6 Rd6 46. Kf4
Bd8 47. Rb8 Rxb6 48. Rxd8+ Kg7 49. Rc8 Kf6 50. Rf8+ Kg7 51. Re8 Rf6+ 52. Kg4
Rf1 53. Re7+ Rf7 54. Re6 Rf1 55. Kg3 Rg1+ 56. Kf2 Ra1 57. Re7+ Kf6 58. Rxh7 g5
59. Rb7 Ra3 60. Bb1 g4 61. Kg2 Re3 62. Rb8 Kg5 63. Rd8 Rb3 64. Bd3 Kf4 65. Rf8+
Kg5 66. Bc2 Rb2 67. Rf2 Rb5 68. Kg3 Re5 69. Bd1 Re3+ 70. Kg2 1/2-1/2

[Event "17PCR_ZK09"]
[Site "?"]
[Date "2007.??.??"]
[Round "?"]
[White "Jezek, Otakar"]
[Black "Koukal, Vladimir"]
[Result "0-1"]
[WhiteElo "1867"]
[BlackElo "2230"]
[PlyCount "105"]
[EventDate "2007.??.??"]
[EventType "corr"]
[EventRounds "2"]
[SourceDate "2007.06.28"]

1. d4 Nf6 2. e3 d5 3. Nf3 Nc6 4. Bb5 e6 5. O-O Bd6 6. c4 Bd7 7. c5 Be7 8. Nc3
O-O 9. Bd2 Ne4 10. Bd3 f5 11. a3 Bf6 12. Ne2 Qe8 13. Bc3 Nxc3 14. Nxc3 a6 15.
Qb3 Rb8 16. Rfd1 Qh5 17. Ne2 Qh6 18. Qc3 g5 19. Ne5 Bxe5 20. dxe5 f4 21. exf4
gxf4 22. Nd4 Nxe5 23. Be2 Qg7 24. Re1 Nf7 25. Bf1 Ng5 26. Nb3 e5 27. Kh1 Ne4
28. Qc2 Kh8 29. Bd3 Rf5 30. Bxe4 dxe4 31. Rxe4 Rh5 32. Qd1 Rg8 33. Qg1 Bc6 34.
Nd2 Rg5 35. g3 Rd8 36. Qe1 fxg3 37. fxg3 Rxd2 38. Qxd2 Bxe4+ 39. Kg1 Rxg3+ 40.
hxg3 Qxg3+ 41. Kf1 Bd3+ 42. Qxd3 Qxd3+ 43. Kg2 Qc2+ 44. Kf1 e4 45. c6 e3 46.
Kg1 b6 47. Rf1 h5 48. Rf8+ Kg7 49. Rf3 Qe4 50. Rf1 h4 51. Kh2 e2 52. Rg1+ Kf6
53. Re1 0-1

[Event "17PCR_ZK09"]
[Site "?"]
[Date "2007.??.??"]
[Round "?"]
[White "Jezek, Otakar"]
[Black "Kyhos, Alois"]
[Result "0-1"]
[WhiteElo "1867"]
[BlackElo "1951"]
[PlyCount "104"]
[EventDate "2007.??.??"]
[EventType "corr"]
[EventRounds "2"]
[SourceDate "2007.06.28"]

1. Nf3 d5 2. d4 Nf6 3. e3 e6 4. Bd3 c5 5. b3 Nc6 6. Ba3 b6 7. O-O Bd6 8. c4 O-O
9. dxc5 bxc5 10. Nc3 Qa5 11. Bb2 Rd8 12. cxd5 exd5 13. Nb5 Be7 14. Ne5 Nxe5 15.
Bc3 Qb6 16. Bxe5 c4 17. Nc7 Bg4 18. Nxa8 Qe6 19. Be2 Bxe2 20. Qxe2 Qxe5 21.
bxc4 Rxa8 22. cxd5 Nxd5 23. Qf3 Rc8 24. Qg4 Rc2 25. Qd7 Bd6 26. Qd8+ Bf8 27.
Rab1 Nc3 28. Rb8 Qc5 29. a4 g6 30. h3 Kg7 31. Qd3 Ra2 32. Rb3 Nxa4 33. Rb5 Qc3
34. Qd5 Rd2 35. Qf3 Qc4 36. Ra5 Nc3 37. Rfa1 Ne2+ 38. Kh1 Nc1 39. Kg1 Bc5 40.
Ra6 Bb6 41. R6a3 a5 42. Ra4 Qc2 43. g3 Bc7 44. Kg2 Nd3 45. Qe4 Be5 46. Kg1 Bxa1
47. Rxa1 Rxf2 48. h4 Kh6 49. Qd5 f5 50. g4 Qe2 51. g5+ Kh5 52. Qb7 Qg4+ 0-1

[Event "17PCR_ZK09"]
[Site "?"]
[Date "2007.??.??"]
[Round "?"]
[White "Jezek, Otakar"]
[Black "Trs, Jan"]
[Result "0-1"]
[WhiteElo "1867"]
[BlackElo "2255"]
[PlyCount "148"]
[EventDate "2007.??.??"]
[EventType "corr"]
[EventRounds "2"]
[SourceDate "2007.06.28"]

1. e4 c5 2. Nf3 d6 3. Nc3 Nf6 4. Bc4 e6 5. d4 cxd4 6. Qxd4 Nc6 7. Qe3 Be7 8.
O-O O-O 9. Rd1 Bd7 10. a3 Qa5 11. Bd2 Ne5 12. Nxe5 Qxe5 13. Bd3 Bc6 14. Re1 Qh5
15. Qg3 Qg4 16. Qxg4 Nxg4 17. Rad1 Rac8 18. f3 Ne5 19. Be3 Nxd3 20. Rxd3 b6 21.
Bf4 e5 22. Be3 f5 23. exf5 Rxf5 24. Red1 Kf7 25. R1d2 Ke6 26. Nd5 Bxd5 27. Rxd5
h5 28. c3 Rc4 29. R5d3 e4 30. Rd4 Rxd4 31. Bxd4 exf3 32. gxf3 g5 33. Kg2 d5 34.
Re2+ Kd7 35. Rf2 Bd6 36. h3 Bc5 37. Rd2 Kd6 38. Rd3 a5 39. Kg3 a4 40. h4 gxh4+
41. Kxh4 Kc6 42. Kg3 Bd6+ 43. Kh4 Kb5 44. Bf2 Kc4 45. Rd4+ Kb3 46. Rd2 b5 47.
Be3 Rxf3 48. Bb6 Rf5 49. Be3 Be7+ 50. Kg3 h4+ 51. Kg4 Re5 52. Bf4 Re4 53. Rxd5
Kxb2 54. Rxb5+ Kc2 55. Kf3 Rc4 56. Ra5 Bxa3 57. Be5 Bb2 58. Ra7 Bxc3 59. Bd6
Kb3 60. Rb7+ Bb4 61. Kg2 a3 62. Be5 Re4 63. Bf6 Re6 64. Bg7 a2 65. Bh8 h3+ 66.
Kh2 Re2+ 67. Kh1 Kc4 68. Rc7+ Kd5 69. Rf7 Bd6 70. Rf1 Be5 71. Rd1+ Ke4 72. Bxe5
Kxe5 73. Rc1 Rb2 74. Rc5+ Ke4 0-1

[Event "17PCR_ZK09"]
[Site "?"]
[Date "2007.??.??"]
[Round "?"]
[White "Kelbl, Jiri"]
[Black "Bednarik, Radovan"]
[Result "0-1"]
[WhiteElo "1656"]
[BlackElo "2126"]
[PlyCount "86"]
[EventDate "2007.??.??"]
[EventType "corr"]
[EventRounds "2"]
[SourceDate "2007.06.28"]

1. e4 c5 2. Nf3 e6 3. d4 cxd4 4. Nxd4 a6 5. Bd3 Bc5 6. Nb3 Be7 7. c4 d6 8. Nc3
Nf6 9. f4 Qc7 10. Be3 Nbd7 11. O-O b6 12. Qf3 Bb7 13. Qh3 h5 14. Rac1 Ng4 15.
Bd4 Bf6 16. Bxf6 gxf6 17. a4 Rg8 18. Rc2 Nc5 19. Nd4 f5 20. Re1 Qd8 21. b4 Qf6
22. Nxf5 exf5 23. e5 dxe5 24. fxe5 Qd8 25. Nd5 Ne4 26. Bxe4 fxe4 27. Rd2 Qg5
28. Qc3 Rc8 29. Qd4 Bxd5 30. Qxd5 Rd8 31. Qxd8+ Qxd8 32. Rxd8+ Kxd8 33. Rxe4
Rg5 34. e6 fxe6 35. Rxe6 Re5 36. Rd6+ Ke7 37. Rd1 Re4 38. h3 Ne5 39. Rd5 Ke6
40. Rd8 Rxc4 41. Rh8 Rxb4 42. Rxh5 Nc4 43. g4 Rxa4 0-1

[Event "17PCR_ZK09"]
[Site "?"]
[Date "2007.??.??"]
[Round "?"]
[White "Kelbl, Jiri"]
[Black "Binas, Jindrich"]
[Result "0-1"]
[WhiteElo "1656"]
[BlackElo "2021"]
[PlyCount "42"]
[EventDate "2007.??.??"]
[EventType "corr"]
[EventRounds "2"]
[SourceDate "2007.06.28"]

1. e4 c5 2. Nf3 Nc6 3. Bb5 a6 4. Ba4 b5 5. Bb3 c4 6. Bxc4 bxc4 7. Nc3 Nf6 8.
O-O d5 9. exd5 Nxd5 10. a3 Nxc3 11. dxc3 Qxd1 12. Rxd1 Bf5 13. Rd2 e5 14. Re2
f6 15. h3 Be7 16. Be3 Rb8 17. b4 cxb3 18. Rb1 b2 19. a4 Be6 20. Ree1 Na5 21.
Nd2 Bf5 0-1

[Event "17PCR_ZK09"]
[Site "?"]
[Date "2007.??.??"]
[Round "?"]
[White "Kelbl, Jiri"]
[Black "Jezek, Otakar"]
[Result "1/2-1/2"]
[WhiteElo "1656"]
[BlackElo "1867"]
[PlyCount "140"]
[EventDate "2007.??.??"]
[EventType "corr"]
[EventRounds "2"]
[SourceDate "2007.06.28"]

1. e4 e5 2. Nf3 Nf6 3. Nxe5 Qe7 4. Nf3 Qxe4+ 5. Be2 Be7 6. Nc3 Qf5 7. O-O O-O
8. d4 d5 9. Re1 Qd7 10. Bf4 Nc6 11. Bb5 Qd8 12. Bxc6 bxc6 13. Ne5 Bb7 14. Qd3
c5 15. dxc5 Bxc5 16. Qb5 Nh5 17. Qxb7 Nxf4 18. g3 Rb8 19. Qc6 Ne6 20. Nd7 Nd4
21. Qxd5 c6 22. Qxc5 Qxd7 23. Red1 Rfd8 24. Kg2 Qg4 25. h3 Qf3+ 26. Kg1 Nxc2
27. Rxd8+ Rxd8 28. Qe7 Rb8 29. Rc1 Nb4 30. Qxa7 Rf8 31. Qe3 Qxe3 32. fxe3 Nd3
33. Rc2 Re8 34. e4 f6 35. Kf1 Nc5 36. Re2 Rb8 37. Rd2 Kf7 38. b3 Ke7 39. Kf2
Ke6 40. Ke3 Ke5 41. Rd4 h5 42. b4 Ne6 43. Rc4 Rb6 44. a4 Ra6 45. b5 cxb5 46.
axb5 Ra3 47. Kd2 Ng5 48. Rb4 Nxh3 49. b6 Ra8 50. b7 Rb8 51. Rb6 Nf2 52. Ke3
Ng4+ 53. Kd3 Nf2+ 54. Kc4 g5 55. Rb5+ Kd6 56. Rb2 Ng4 57. Rb6+ Ke5 58. Kb5 Kd4
59. Na4 Kxe4 60. Kc6 Kf3 61. Rb3+ Ne3 62. Kc7 Rxb7+ 63. Kxb7 h4 64. gxh4 gxh4
65. Nc3 f5 66. Nb5 h3 67. Nd4+ Kf2 68. Nxf5 h2 69. Rb2+ Kg1 70. Nxe3 h1=Q+
1/2-1/2

[Event "17PCR_ZK09"]
[Site "?"]
[Date "2007.??.??"]
[Round "?"]
[White "Kelbl, Jiri"]
[Black "Koukal, Vladimir"]
[Result "0-1"]
[WhiteElo "1656"]
[BlackElo "2230"]
[PlyCount "94"]
[EventDate "2007.??.??"]
[EventType "corr"]
[EventRounds "2"]
[SourceDate "2007.06.28"]

1. e4 e5 2. Nf3 Nc6 3. Bb5 a6 4. Ba4 Nf6 5. O-O Be7 6. Re1 d6 7. c3 O-O 8. d4
Bd7 9. Nbd2 exd4 10. cxd4 Nb4 11. Bxd7 Qxd7 12. Nf1 d5 13. Ne5 Qe6 14. a3 Nc6
15. Nxc6 Qxc6 16. e5 Ne4 17. Ne3 Qd7 18. Qd3 Bh4 19. g3 Bd8 20. Nxd5 Nxf2 21.
Qf3 Nd3 22. Qxd3 Qxd5 23. Qe4 c6 24. Qxd5 cxd5 25. Be3 Bb6 26. Rac1 f6 27. Kg2
Rae8 28. Bg1 Kf7 29. Rf1 Kg6 30. Rfe1 fxe5 31. Rxe5 Rxe5 32. dxe5 Bxg1 33. Kxg1
Kf7 34. Rc7+ Ke6 35. Rxb7 d4 36. Rb6+ Kxe5 37. Rxa6 d3 38. Ra7 Rd8 39. Re7+ Kf5
40. Rf7+ Ke4 41. Re7+ Kf3 42. Rf7+ Ke2 43. Re7+ Kd1 44. Rc7 Rd5 45. Kf2 d2 46.
b4 Rf5+ 47. Ke3 Ke1 0-1

[Event "17PCR_ZK09"]
[Site "?"]
[Date "2007.??.??"]
[Round "?"]
[White "Kelbl, Jiri"]
[Black "Kyhos, Alois"]
[Result "0-1"]
[WhiteElo "1656"]
[BlackElo "1951"]
[PlyCount "76"]
[EventDate "2007.??.??"]
[EventType "corr"]
[EventRounds "2"]
[SourceDate "2007.06.28"]

1. e4 e5 2. Nf3 Nc6 3. Bb5 a6 4. Ba4 Nf6 5. O-O Nxe4 6. d4 b5 7. Bb3 d5 8. dxe5
Be6 9. Qe2 Be7 10. Rd1 O-O 11. c3 Nc5 12. Bc2 Bg4 13. b4 Ne6 14. a4 Bxf3 15.
Qxf3 Nxe5 16. Qf5 Ng6 17. Rxd5 Bd6 18. axb5 axb5 19. Rxa8 Qxa8 20. g3 Rb8 21.
Bd3 Re8 22. Be3 Bf4 23. Rxb5 Ng5 24. Ra5 Qf3 25. Nd2 Qd1+ 26. Nf1 Nf3+ 27. Kh1
Nfe5 28. Ba6 Bxe3 29. fxe3 Re6 30. Qf2 Rf6 31. Qg2 h6 32. Kg1 Nf3+ 33. Kh1 Nge5
34. Ra2 Qb1 35. h3 g6 36. Rb2 Qa1 37. Ra2 Qxc3 38. Rc2 Qb3 0-1